000 00972cam a22002771 4500
001 28889
003 BD-RjUL
005 20211209051338.0
008 140401r19681967njua b 001 0 eng
035 _a(BD-RjUL)28973
040 _aDLC
_cDLC
_dDLC
_dBD-RjUL
_beng
041 _aeng
082 0 0 _a150
_bCON 1968
245 1 0 _aContemporary approaches to psychology /
_cedited by Harry Helson and William Bevan in association with Jack A. Adams [and others]
260 _aPrinceton, N.J. :
_bVan Nostrand,
_c1967 [reprinted 1968]
300 _axii, 596 p. :
_bill. ;
_c25 cm.
490 0 _aThe University series in psychology
500 _a"Successor to [the first editor's] Theoretical foundations of psychology (1951)"
504 _aIncludes bibliographies and index.
650 0 _aPsychology.
_988319
700 1 _aBevan, William,
_d1922-
_ejoint ed.
_988320
700 1 _aHelson, Harry,
_988321
942 _2ddc
_cBK
999 _c28889
_d28889